Pilotes de F1 avec au moins 5 victoires - Statistiques

Statistiques générales
  • Ce quiz a été pris 985 fois
  • Le résultat moyen est 29 sur 53
Statistiques - réponses
Hint Réponse % Correct
2007 - Lewis Hamilton : 103
100%
1991-2006 ; 2010-2012 Michael Schumacher : 91
96%
1997-2007 Ralf Schumacher : 6
95%
2007- Sebastian Vettel : 53
95%
1980-1991 ; 1993 Alain Prost : 51
94%
1984-1994 Ayrton Senna : 41
94%
2001 ; 2003-2018 ; 2021- Fernando Alonso : 32
94%
2015- Max Verstappen : 21
94%
2001-2009 ; 2012-2021 Kimi Raikkonen : 21
83%
1978-1986 Keke Rosberg : 5
82%
2006-2016 Nico Rosberg : 23
82%
1950-1951 ; 1953-1958 Juan Manuel Fangio : 24
79%
1971-1979 ; 1982-1985 Niki Lauda : 25
79%
2013- Valtteri Bottas : 10
78%
2011- Daniel Ricciardo : 8
76%
2000-2017 Jenson Button : 15
75%
1992-1999 Damon Hill : 22
74%
1958-1975 Graham Hill : 14
74%
1977-1982 Gilles Villeneuve : 6
72%
1996-2006 Jacques Villeneuve : 11
72%
1991-2001 Mika Hakkinen : 20
69%
1978-1991 Nelson Piquet : 23
67%
2002 ; 2004-2017 Felipe Massa : 11
66%
1950-1955 Alberto Ascari : 13
64%
1980-1992 ; 1994-1995 Nigel Mansell : 31
62%
1973-1979 James Hunt : 10
59%
1965-1973 Jackie Stewart : 27
57%
1950-1955 Guiseppe Farina : 5
56%
2002-2013 Mark Webber : 9
56%
1960-1968 Jim Clark : 25
55%
1970-1980 Emerson Fittipaldi : 14
53%
1955-1970 Jack Brabham : 14
47%
1994-2008 David Coulthard : 13
41%
1993-2011 Rubens Barichello : 11
39%
1968-1972 ; 1974-1982 Mario Andretti : 12
38%
1975-1981 ; 1983 ; 1985-1986 Alan Jones : 12
37%
2001-2006 Juan Pablo Montoya : 7
36%
1960-1972 John Surtees : 6
33%
1964-1970 Jochen Rindt : 6
32%
1965-1974 Denny Hulme : 8
30%
1951-1961 Stirling Moss : 16
30%
1972-1980 Jody Scheckter : 10
27%
1966-1979 Jacky Ickx : 8
23%
1984-1997 Gerhard Berger : 10
22%
1974-1986 Jacques Laffite : 6
22%
1978-1989 René Arnoux : 7
21%
1977-1993 Riccardo Patrese : 6
21%
1972-1982 Carlos Reutemann : 12
17%
1970-1978 Ronnie Peterson : 10
16%
1970-1980 Clay Regazzoni : 5
15%
1973-1983 ; 1985 John Watson : 5
9%
1956-1961 Tony Brooks : 6
9%
1981-1994 Michele Alboreto : 5
2%
Aucun quiz correspondant
Distribution des résultats
% des personnes avec chaque résultat
Percentile par nombre de réponses
Votre historique - résultats
Vous n’avez pas pris ce quiz